| 000 | 00357cam a2200157ua 4500 | ||
|---|---|---|---|
| 041 |
_aeng _h |
||
| 082 |
_a631.456 _bCRO/DR |
||
| 100 | _aCross, gwen . | ||
| 245 |
_aDraining the Soil / _cgwen cross. _hTextual Documents |
||
| 250 |
_a1 / _b. |
||
| 260 |
_a : _bLongmans , _c1961. |
||
| 300 | _a40 ; . | ||
| 504 | _a | ||
| 942 | _cBK | ||
| 999 |
_c2907 _d2907 |
||